| 000 | 00903nam a2200241 i 4500 | ||
|---|---|---|---|
| 001 | 125129 | ||
| 003 | ES-MaACL | ||
| 005 | 20250209063045.0 | ||
| 007 | t| | ||
| 008 | 070504s1932 sp ||||1| spa d | ||
| 080 | _a860-22"19" | ||
| 100 | 1 |
_aVargas, Luis de, _d1891-1949 _9113198 |
|
| 245 | 1 | 3 |
_aLa locatis _b: sainete veraniego, en tres actos / _cLuis de Vargas ; dibujos de Gutiérrez Navas. |
| 260 |
_aMadrid : _b[s.n.], _c1932 ( _fRivadeneyra) |
||
| 300 |
_a64 p. ; _c17 cm. |
||
| 490 | 1 |
_aLa Farsa ; _v270 |
|
| 500 | _aEstrenada en el Teatro Cómico, de Madrid, la noche del 16 de septiembre de 1932. | ||
| 500 | _aCubierta de este número: Loreto Prado y Francisco Melgares en una escena de La locatis. | ||
| 700 | 1 |
_aGutiérrez Navas, Manuel, _d1890-1971 _961196 |
|
| 830 | 0 |
_aLa Farsa ; _v270 _9185863 |
|
| 852 |
_aES-MaACL _j2225-F-6 _bR.140776 |
||
| 999 |
_c125129 _d125129 |
||